La señora Planchita /

Guardado en:
Autor Principal: Cabal, Graciela.
Otros Autores: Taubin, Alejandra; il.
Formato: Libro
Idioma:Undetermined
Publicado: Buenos Aires : Libros del Quirquincho, 1990.
Edición:3a ed.
Series:Serie blanca ; 15
Materias:
Etiquetas: Agregar Etiqueta
Sin Etiquetas, Sea el primero en etiquetar este registro!
LEADER 00713nam a22002175a 4500
001 CEM.cems024320
008 240923s1990####ag############000#0#und#d
005 20240923180548.0
245 1 0 |a La señora Planchita /  |c Graciela Beatriz Cabal ; dibujos de Alejandra Taubin. 
250 |a 3a ed. 
260 |a Buenos Aires :  |b Libros del Quirquincho,  |c 1990. 
300 |a 48 p. 
490 1 |a Serie blanca ;  |v 15 
505 0 |a La señora Planchita -- Ser o no ser 
020 |a 9509732710 
100 1 |a Cabal, Graciela. 
700 1 |a Taubin, Alejandra; il. 
653 |a Literatura Argentina 
653 |a Literatura infantil 
653 |a Cuento infantil 
859 |a CEMS  |b BIB. CEMS - Inicial y Primaria  |h A868.4  |i C111-5  |k IP  |p 923  |t Ej.1